000 00844nam a2200229 i 4500
001 40054
003 ES-MaACL
005 20251105063128.0
007 t|
008 030305s1858 sp |||| | spa d
100 1 _aCantù, Cesare,
_d1804-1895
_934697
245 1 0 _aHistoria de cien años:
_b1750-1850 /
_cescrita en italiano por Cesare Cantú ; traducida de la 2ª edición, anotada y precedida de un prólogo por Salvador Costanzo.
260 _aMadrid :
_b[s.n.],
_c1858 (
_fMellado)
300 _a2 v. ;
_c23 cm.
650 4 _aHistoria moderna-
_yS.XVIII.
_9153315
650 7 _aHistoria contemporánea
_2embne
_913393
651 4 _aEuropa-
_xHistoria-
_y1648-1789.
_98602
651 4 _aEuropa-
_xHistoria-
_y1789-1900.
_9138070
700 1 _aCostanzo, Salvador.
_941130
852 _aES-MaACL
_jC-1951-52
999 _c40054
_d40054